| 000 | 00411nam a2200157Ia 4500 | ||
|---|---|---|---|
| 008 | 230711s9999||||xx |||||||||||||| ||und|| | ||
| 041 | _aENG | ||
| 082 |
_a621 _bCH-E |
||
| 100 | _aChatterjee,R | ||
| 245 | 0 | _aElements of microwave engineering | |
| 250 | _a1st | ||
| 260 |
_c2003 _aNew Delhi _bEWP(Affiliated East-West Press Private Limited) |
||
| 300 | _a428 | ||
| 650 | _aElectronics Engineering | ||
| 942 | _cBK | ||
| 999 |
_c1860 _d1860 |
||